Spolupráce vysokých škol a podnikatelské sféry

Spoločné zmluvné riešenie výskumných projektov univerzitami a podnikateľmi. Rôzne typy zmlúv - zmluvy nepomenované, zmluvy o spoločnosti, zmluvy licenčné a zmluvy o prevode práv. Licenčné zmluvy v súvislosti s transferom výsledkov vysokoškolského výskumu a vývoja. Analýza úprav licenčných zmlúv podľ...

Descrizione completa

Salvato in:
Dettagli Bibliografici
Autore principale: Marek, Karel
Altri autori: Leška, Rudolf
Natura: Capitolo di libro
Lingua:ceco
Soggetti:
Tags: Aggiungi Tag
Nessun Tag, puoi essere il primo ad aggiungerne!!

MARC

LEADER 00000naa a2200000 4500
001 0278830
005 20211123100633.9
041 0 |a cze 
044 |a SK 
245 1 0 |a Spolupráce vysokých škol a podnikatelské sféry  |c Karel Marek, Rudolf Leška 
520 |a Spoločné zmluvné riešenie výskumných projektov univerzitami a podnikateľmi. Rôzne typy zmlúv - zmluvy nepomenované, zmluvy o spoločnosti, zmluvy licenčné a zmluvy o prevode práv. Licenčné zmluvy v súvislosti s transferom výsledkov vysokoškolského výskumu a vývoja. Analýza úprav licenčných zmlúv podľa novej občianskoprávnej úpravy v porovnaní s obchodnoprávnou úpravou. 
610 2 0 |a školy vysoké 
610 2 0 |a podnikatelia 
610 2 0 |a právo obchodné 
610 2 0 |a právo občianske 
610 2 0 |a zmluvy licenčné 
610 2 0 |a výskum 
100 1 |a Marek, Karel 
700 1 |a Leška, Rudolf